Les 10 prénoms des filles les plus chiantes - Statistiques

Statistiques générales
  • Ce quiz a été pris 2 904 fois
  • Le résultat moyen est 3 sur 10
Statistiques - réponses
TOP Prénoms % Correct
7 Julie
56%
3 Mathilde
36%
10 Lina
33%
1 Jessica
29%
2 Kenza
24%
6 Stéphanie
24%
8 Victoire
22%
9 Olivia
20%
5 Alexandra
19%
4 Rebecca
19%
Aucun quiz correspondant
Distribution des résultats
% des personnes avec chaque résultat
Percentile par nombre de réponses
Votre historique - résultats
Vous n’avez pas pris ce quiz